000 00954cam a22002651 4500
001 pa 58000031
003 DLC
005 20260227111854.0
008 790829s1957 dcua b i000 0 eng c
010 _apa 58000031
035 _a(OCoLC)5323388
040 _aPan American Union. Library
_cOCl
_dOCoLC
_dDLC
042 _apremarc
050 0 0 _aHF3376
_b.M5
082 _a382
100 1 _aMikesell, Raymond Frech.
245 1 0 _aLiberalization of inter-Latin American trade.
260 _aWashington,
_bDept. of Economic and Social Affairs, Pan American Union,
_c1957.
300 _aiv, 94 p.
_btables.
_c28 cm.
490 1 _aEconomic research series
500 _aAt head of title: Inter-American Economic and Social Council. Organization of American States.
504 _aBibliographical footnotes.
651 0 _aLatin America
_xCommerce.
810 2 _aPan American Union.
_bDepartment of Economic and Social Affairs.
_tEconomic research series.
999 _c51365
_d51365